Planning for rural development (Record no. 108308)

MARC details
000 -LEADER
fixed length control field 01107cad a22002295a 4500
001 - CONTROL NUMBER
control field E143894
008 - FIXED-LENGTH DATA ELEMENTS--GENERAL INFORMATION
fixed length control field 080605s2005 stk f a000 0 eng u
020 ## - INTERNATIONAL STANDARD BOOK NUMBER
International Standard Book Number 0755925270
022 1# - INTERNATIONAL STANDARD SERIAL NUMBER
International Standard Serial Number 1741-1203
035 ## - SYSTEM CONTROL NUMBER
System control number (Sirsi) u143894
041 0# - LANGUAGE CODE
Language code of text/sound track or separate title eng
050 04 - LIBRARY OF CONGRESS CALL NUMBER
Classification number 711.1 $2 18
110 1# - MAIN ENTRY--CORPORATE NAME
Corporate name or jurisdiction name as entry element Scotland
Subordinate unit Scottish Executive
-- Development Department
245 00 - TITLE STATEMENT
Title Planning for rural development
Remainder of title Scottish planning policy SPP 15
Medium [electronic resource]
260 ## - PUBLICATION, DISTRIBUTION, ETC.
Place of publication, distribution, etc. Edinburgh
Name of publisher, distributor, etc. Scottish Executive
Date of publication, distribution, etc. 2005
490 #0 - SERIES STATEMENT
Series statement Scottish Planning Policies
Volume/sequential designation SPP 15
520 ## - SUMMARY, ETC.
Summary, etc. Replaces NPPG 15 "Rural development ". Outlines the aims and approach that planning policies and decisions relating to rural areas should display. Also examines the links between community planning and development planning, which it describes as of increasing importance.
651 #4 - SUBJECT ADDED ENTRY--GEOGRAPHIC NAME
Geographic name Scotland
Chronological subdivision 1999-
690 ## - LOCAL SUBJECT ADDED ENTRY--TOPICAL TERM (OCLC, RLIN)
Topical term or geographic name as entry element ENVIRONMENTAL AND LAND CONSULTANCY-PLANNING AND DEVELOPMENT-PLANNING GUIDANCE
856 41 - ELECTRONIC LOCATION AND ACCESS
Uniform Resource Identifier <a href="https://www.scotland.gov.uk/Publications/2005/02/20624/51511">https://www.scotland.gov.uk/Publications/2005/02/20624/51511</a>
Public note View the guidance free of charge at www.scotland.gov.uk...
942 ## - ADDED ENTRY ELEMENTS (KOHA)
Suppress in OPAC 0
Holdings
Withdrawn status Lost status Source of classification or shelving scheme Damaged status Not for loan Home library Current library Shelving location Date acquired Total Checkouts Full call number Barcode Date last seen Copy number Price effective from Koha item type
    Dewey Decimal Classification     Virtual Virtual Online 05/06/2008   ONLINE PUBLICATION 143894-2001 06/08/2019 1 06/08/2019 Book